|
|
|
|
| LEADER |
00000nam0a2200000 4500 |
| 001 |
295174 |
| 005 |
20231102000800.0 |
| 020 |
|
|
|a RU
|b 84-22673
|
| 035 |
|
|
|a (RuTPU)RU\TPU\book\320251
|
| 090 |
|
|
|a 295174
|
| 100 |
|
|
|a 20150520d1984 k y0rusy5003 ca
|
| 101 |
0 |
|
|a rus
|
| 102 |
|
|
|a RU
|
| 105 |
|
|
|a a z 101zy
|
| 200 |
1 |
|
|a Математические методы анализа цикличности в геологии
|e материалы конференции, Москва, 17-18 мая 1982 г.
|f Московское общество испытателей природы (МОИП)
|
| 210 |
|
|
|a Москва
|c Наука
|d 1984
|
| 215 |
|
|
|a 178 с.
|c ил.
|d 21 см
|
| 320 |
|
|
|a Библиография в конце статей
|
| 606 |
1 |
|
|a Геология
|x Математические методы
|2 stltpush
|3 (RuTPU)RU\TPU\subj\6103
|9 34062
|
| 610 |
1 |
|
|a цикличность
|
| 610 |
1 |
|
|a геологический возраст
|
| 610 |
1 |
|
|a наноциклиты
|
| 610 |
1 |
|
|a седиментационная цикличность
|
| 610 |
1 |
|
|a слоистые толщи
|
| 610 |
1 |
|
|a корреляция
|
| 610 |
1 |
|
|a мезозойско-кайнозойские отложения
|
| 610 |
1 |
|
|a Большой Кавказ
|
| 610 |
1 |
|
|a осадконакопление
|
| 610 |
1 |
|
|a карбонатный разрез
|
| 610 |
1 |
|
|a Башкирия
|
| 675 |
|
|
|a 55:51(063)
|z rus
|v 4
|
| 712 |
0 |
2 |
|a Московское общество испытателей природы (МОИП)
|c (1917- )
|2 stltpush
|3 (RuTPU)RU\TPU\col\7762
|
| 712 |
1 |
2 |
|a Математические методы анализа цикличности в геологии
|c конференция
|e Москва
|f 1982
|
| 801 |
|
0 |
|a RU
|b RuMRKP
|c 19950704
|g psbo
|
| 801 |
|
1 |
|a RU
|b 63413507
|c 20150520
|
| 801 |
|
2 |
|a RU
|b 63413507
|c 20180428
|g RCR
|
| 942 |
|
|
|c BK
|